000 00647nam a22002177a 4500
003 UA-OsUOA
001 43103
007 ta
008 20061205b un ||||| |||| 00| 0 ukr d
100 _aБашкирова О.
090 _a82
_bБ-11
942 _cSA
040 _aUA-OsUOA
_bukr
_cUA-OsUOA
_dUA-OsUOA
245 _aСтатуя в художній системі драматичної поеми Ліни Костенко "Сніг у Флоренції"
300 _aС.20-25
955 _a0
041 _aukr
080 _a82
773 0 _w43101
650 7 _a82 Література. Літературознавство
_2UDC
999 _c329234
_d329234